• 首页
  • 本馆介绍
  • 公告通知
  • 最新文献
  • 馆藏检索
  • 电子资源
  • 读者导购
  • 参考咨询
  • 我的图书馆
  • 登录
  • 详细信息显示
  • 放入我的书架
  • 预约/预借图书
  • 作者相关作品
  • 分类相关作品
  • 丛书相关作品
  • 出版社相关作品

书目信息

  • 表格格式
  • 工作单格式
  • 卡片格式
题名:
中国传统题材造型
    
 
作者: 徐华铛 编著
分册:   动物
出版信息: 北京   中国林业出版社  2012
页数: 119页
开本: 21cm
丛书名:
单 册:
中图分类: J505.2 , J505
科图分类:
主题词: 工艺美术--鉴赏--中国
电子资源:
ISBN: 978-7-5038-6394-3
000 00827nam0 2200229 450
001 2350485109
005 20231219140331.40
010    @a978-7-5038-6394-3@dCNY 48.00
100    @a20120301d2012 em y0chiy0120 ea
101 0  @achi
102    @aCN@b110000
105    @aa z 000yy
200 1  @a中国传统题材造型@Azhong guo chuan tong ti cai zao xing@i动物@b专著@f徐华铛编著
210    @a北京@c中国林业出版社@d2012
215    @a119页@c彩图@d21cm
330    @a本书汇聚了当今一些有影响的动物造型艺术家和高级工艺美术师的作品。本书造型有木雕、青铜、花岗岩、根雕、瓷器、不锈钢、石膏、发泡塑料等材质,动物的表现形式有写实、写意性、构饰性等。
606 0  @a工艺美术@x鉴赏@y中国
690    @aJ505.2@v5
690    @aJ505@v4
701  0 @a徐华铛@Axu hua dang@f(1944 )@4编著
801  2 @aCN@b辽宁北配@c20231205
905    @aBZT@dJ505@e2:8
    
    中国传统题材造型.动物/徐华铛编著.-北京:中国林业出版社,2012
    119页:彩图;21cm
    
    
    ISBN 978-7-5038-6394-3:CNY 48.00
    本书汇聚了当今一些有影响的动物造型艺术家和高级工艺美术师的作品。本书造型有木雕、青铜、花岗岩、根雕、瓷器、不锈钢、石膏、发泡塑料等材质,动物的表现形式有写实、写意性、构饰性等。
●
相关链接 在五车中查询图书 在当当中查询图书 在豆瓣中查询图书


正题名:中国传统题材造型     索取号:J505/2:8         预约/预借

序号 登录号 条形码 馆藏地/架位号 状态 备注
1 2001658569   2001658569   516书库/ [索取号:J505/2:8] 在馆    
2 2001658570   2001658570   516书库/ [索取号:J505/2:8] 在馆    
3 2001658571   2001658571   516书库/ [索取号:J505/2:8] 在馆    
4 2001658572   2001658572   516书库/ [索取号:J505/2:8] 在馆    
5 2001658573   2001658573   516书库/ [索取号:J505/2:8] 在馆    
6 2001658574   2001658574   516书库/ [索取号:J505/2:8] 在馆    
7 2001658575   2001658575   516书库/ [索取号:J505/2:8] 在馆    
8 2001658576   2001658576   516书库/ [索取号:J505/2:8] 在馆    
9 2001658577   2001658577   516书库/ [索取号:J505/2:8] 在馆    
10 2001658578   2001658578   516书库/ [索取号:J505/2:8] 在馆    
11 2001658579   2001658579   516书库/ [索取号:J505/2:8] 在馆    
12 2001658580   2001658580   516书库/ [索取号:J505/2:8] 在馆    
13 2001658581   2001658581   516书库/ [索取号:J505/2:8] 在馆    
14 2001658582   2001658582   516书库/ [索取号:J505/2:8] 在馆    
15 2001658583   2001658583   516书库/ [索取号:J505/2:8] 在馆    
16 2001658584   2001658584   516书库/ [索取号:J505/2:8] 在馆    
17 2001658585   2001658585   516书库/ [索取号:J505/2:8] 在馆    
18 2001658586   2001658586   516书库/ [索取号:J505/2:8] 在馆    
19 2001658587   2001658587   516书库/ [索取号:J505/2:8] 在馆    
20 2001658588   2001658588   516书库/ [索取号:J505/2:8] 在馆    
21 2001658589   2001658589   516书库/ [索取号:J505/2:8] 在馆    
22 2001658590   2001658590   516书库/ [索取号:J505/2:8] 在馆    
23 2001658591   2001658591   516书库/ [索取号:J505/2:8] 在馆    
24 2001658592   2001658592   516书库/ [索取号:J505/2:8] 在馆    
25 2001658593   2001658593   516书库/ [索取号:J505/2:8] 在馆    
26 2001658594   2001658594   516书库/ [索取号:J505/2:8] 在馆    
27 2001658595   2001658595   516书库/ [索取号:J505/2:8] 在馆    
28 2001658596   2001658596   516书库/ [索取号:J505/2:8] 在馆    
29 2001658597   2001658597   516书库/ [索取号:J505/2:8] 在馆    
30 2001658598   2001658598   516书库/ [索取号:J505/2:8] 在馆    
山东省滨州职业学院图书馆 欢迎您!
大连网信软件有限公司© 版权所有